Statistics Random Processes (Record no. 1323)

MARC details
000 -LEADER
Fixed length control field 00481nam a2200181 4500
003 - CONTROL NUMBER IDENTIFIER
Control field SEACOMEC
005 - DATE AND TIME OF LATEST TRANSACTION
Control field 20240611121822.0
008 - FIXED-LENGTH DATA ELEMENTS--GENERAL INFORMATION
Fixed length control field 240611b |||||||| |||| 00| 0 eng d
040 ## - CATALOGING SOURCE
Original cataloging agency SEACOMEC
082 ## - DEWEY DECIMAL CLASSIFICATION NUMBER
Classification number 519.23
Book Number P895
100 ## - MAIN ENTRY--PERSONAL NAME
Personal name Praba B
245 ## - TITLE STATEMENT
Title Statistics Random Processes
Statement of responsibility B Praba , P.S Arunachalam, and R. Sujatha.
250 ## - EDITION STATEMENT
Edition statement 2nd ed
260 ## - IMPRINT
Place of publication Chennai Scitech Publications 2004
700 ## - ADDED ENTRY--PERSONAL NAME
Personal name |Arunachalam, P S
700 ## - ADDED ENTRY--PERSONAL NAME
Personal name Sujatha R.
942 ## - ADDED ENTRY ELEMENTS (KOHA)
Koha item type Books
Holdings
Withdrawn status Lost status Source of classification Damaged status Not for loan Home library Current library Date acquired Total Checkouts Call number Accession number Date last seen Price effective from Koha item type
    Dewey Decimal Classification     SEACOM ENGINEERING COLLEGE SEACOM ENGINEERING COLLEGE 11/06/2024   519.23 P895 5594 11/06/2024 11/06/2024 Books
© Seacom Engineering College, All rights reserved.      Powered by Koha